000 00550cab a2200193 4500
001 WB2337-05
008 090401t1987 xxu||||| |||| 00| 0 eng d
035 _a(Sirsi) u486
041 _aeng
245 _aPrivate prisons
260 _c1987
350 _a0
490 _aFinancial Times
_v15/9/87 p8
520 _aMcAlpine and Mowlem have set up a joint company to investigate the construction and management of private prisons in the UK.
650 _aCORRECTIONS CORPORATION
690 _aBUILT ENVIRONMENT
942 _n0
948 _c04/03/1997
999 _c216
_d216